Line officer's guide to wildland fire decision making.

Bibliographic Details
Corporate Author: United States. Forest Service. Southwestern Region
Format: Government Document Book
Language:English
Published: [Washington, D.C.?] : [U.S. Dept. of Agriculture, Forest Service, Southwestern Region], [2001?]
Subjects:

MARC

Tag First Indicator Second Indicator Subfields
LEADER 00000cam a2200000 a 4500
001 in00001615744
005 20151023055106.0
008 010524s2001 dcua f000 0 eng c
035 |a (OCoLC)ocm47039865 
040 |a GPO  |c GPO  |d DLC  |d MvI  |d UtOrBLW 
042 |a pcc 
043 |a n-us-co 
049 |a UDOC 
074 |a 0086-C 
086 0 |a A 13.36/2:OF 2/2 
245 0 0 |a Line officer's guide to wildland fire decision making. 
246 3 |a Line officer's guide 
264 1 |a [Washington, D.C.?] :  |b [U.S. Dept. of Agriculture, Forest Service, Southwestern Region],  |c [2001?] 
300 |a 1 volume (loose-leaf) :  |b illustrations ;  |c 30 cm. 
336 |a text  |b txt  |2 rdacontent 
337 |a unmediated  |b n  |2 rdamedia 
338 |a volume  |b nc  |2 rdacarrier 
500 |a Cover title. 
500 |a Shipping list number: 2001-0026-S. 
500 |a Shipping List #: 2001-0026-S 
500 |a Shipping List Date: 05/17/2001 
650 0 |a Wildfires  |z United States  |x Management. 
650 0 |a Fire management  |z United States. 
710 1 |a United States.  |b Forest Service.  |b Southwestern Region. 
999 |a MARS 
999 f f |s 9e0a7771-2346-36f8-afe8-80bfa1aeb518  |i a77dd07e-0222-37fe-855d-c4842fde5e84  |t 0 
952 f f |p normal  |a Texas A&M University  |b College Station  |c Sterling C. Evans Library  |d Evans: US Documents (Annex 5th floor)  |t 0  |e A 13.36/2:OF 2/2  |h Superintendent of Documents classification  |i unmediated -- volume  |m A14827520036 
998 f f |a A 13.36/2:OF 2/2  |t 0  |l Evans: US Documents (Annex 5th floor)